00838nam a22002537a 4500003000500000005001700005008004100022010001000063011001000073035001000083040000900093082001800102110007600120245004800196260003500244300001800279490001500297500001100312505013500323650003700458650003700495650003700532830001500569CHAP20220329141505.0971013s1979 r 00010 d a68969 a69941 a79419 cCHAP a338.9724bC66 aComité Promotor de Desarrollo Socioeconómico del Estado de Tlaxcala aPlan estatal de desarrollo socioeconómico aTlaxcala :bEl Comité,c1979 a4 v.b; mapas aFotocopias a32-118 aContenido : v.1 Objetivos -- v.2 Diagnóstico subregión I-- v.3 Diagnóstico subregión II--v.4 Diagnóstico subregión III14aPlaneación regionalxTlaxcala.14aPolítica agrícolaxTlaxcala.14aTlaxcalaxPolítica y gobierno.0 aFotocopias